Pays ayant acheté le plus de billets pour la Coupe du monde 2022 - Statistiques

Statistiques générales
  • Ce quiz a été pris 48 fois
  • Le résultat moyen est 8 sur 10
Statistiques - réponses
Nombre de billets Réponse % Correct
42 287 France
98%
947 846 Qatar
95%
61 083 Argentine
93%
123 228 Arabie Saoudite
89%
39 546 Brésil
86%
146 616 Etats-Unis
84%
38 117 Allemagne
80%
91 632 Royaume-Uni
80%
91 173 Mexique
61%
66 127 Emirats Arabes Unis
52%
Aucun quiz correspondant
Distribution des résultats
% des personnes avec chaque résultat
Percentile par nombre de réponses
Votre historique - résultats
Vous n’avez pas pris ce quiz